000 00458nam a2200157 i 4500
001 62302
003 ES-MaACL
005 20230906164638.0
007 t|
008 031119s1967 sp ||||1| spa d
100 1 _aFernández, Félix.
_949359
245 1 3 _aEl acontecimiento del siglo XX
_b: Concilio Vaticano II /
_cFélix Fernández.
260 _aMadrid :
_bS.M.,
_c[1967]
300 _a212 p., 5 lám. ;
_c19 cm.
852 _aES-MaACL
_jC-33217
_bR.63221
999 _c62302
_d62302